[Event "CAN-ch Seniors 65+"]
[Site "Kitchener"]
[Date "2015.08.03"]
[Round "7"]
[White "Kiss, Istvan3"]
[Black "Hammarstrom, Orjan"]
[Result "1-0"]
[WhiteElo "1791"]
[BlackElo "1515"]
[PlyCount "103"]
[EventDate "2015.07.31"]
[EventType "swiss"]
[EventRounds "7"]
[EventCountry "CAN"]
[SourceTitle "EXT 2022"]
[Source "ChessBase"]
[SourceDate "2021.10.06"]
[SourceVersion "1"]
[SourceVersionDate "2021.10.06"]
[SourceQuality "1"]

1. d4 e6 2. c4 c5 3. e3 Nc6 4. Nf3 Nf6 5. Bd3 cxd4 6. exd4 d5 7. 0-0 Be7 8. Nc3 0-0 9. Bf4 Ne8 10. Re1 dxc4 11. Bxc4 Nd6 12. Bd3 Nb4 13. Bb1 Re8 14. Ne5 g6 15. a3 Nd5 16. Bg3 Bf6 17. Ne4 Nf5 18. Nxf6+ Qxf6 19. Bxf5 exf5 20. Qf3 Be6 21. h3 Rac8 22. Rac1 Qd8 23. b4 b5 24. Rc5 Nf6 25. Bh4 Rxc5 26. dxc5 Kg7 27. Qc3 Nd5 28. Qd4 f6 29. Nd3 g5 30. Bxg5 h6 31. Bh4 Kf7 32. Bg3 a5 33. c6 Qc8 34. c7 axb4 35. Nxb4 Nxc7 36. Rc1 Bc4 37. Rxc4 bxc4 38. Qxc4+ Ne6 39. Qh4 Qc1+ 40. Kh2 f4 41. Qh5+ Ke7 42. Nd5+ Kd8 43. Bh4 Ng5 44. Qxh6 Qc6 45. Qxf6+ Qxf6 46. Nxf6 Re5 47. Nh7 Ra5 48. Bxg5+ Ke8 49. Bxf4 Rxa3 50. Be3 Kf7 51. Ng5+ Kg6 52. Nf3 1-0

[Event "CAN-ch Seniors 65+"]
[Site "Kitchener"]
[Date "2015.08.02"]
[Round "5"]
[White "Hammarstrom, Orjan"]
[Black "Rutkofske, Lonnie"]
[Result "0-1"]
[WhiteElo "1515"]
[BlackElo "1800"]
[PlyCount "116"]
[EventDate "2015.07.31"]
[EventType "swiss"]
[EventRounds "7"]
[EventCountry "CAN"]
[SourceTitle "EXT 2022"]
[Source "ChessBase"]
[SourceDate "2021.10.06"]
[SourceVersion "1"]
[SourceVersionDate "2021.10.06"]
[SourceQuality "1"]

1. e4 e6 2. d4 d5 3. e5 c5 4. c3 Nc6 5. Nf3 cxd4 6. cxd4 Bd7 7. Be2 Qb6 8. 0-0 Nge7 9. Na3 Nf5 10. Nc2 Rc8 11. a3 Na5 12. b4 Qc7 13. Ne3 Nc4 14. Nxc4 dxc4 15. Bb2 Ne7 16. Nd2 b5 17. Ne4 Nd5 18. Nc3 Be7 19. Qd2 0-0 20. f4 f5 21. Bf3 Nxc3 22. Bxc3 Qb6 23. Kh1 Kh8 24. d5 exd5 25. Bd4 Qb7 26. Qc3 Be6 27. a4 a6 28. Rfb1 Rb8 29. a5 g5 30. g3 h6 31. Bg2 Kh7 32. Rf1 Kg6 33. Rf2 Qd7 34. Raf1 g4 35. Kg1 Rh8 36. Rd1 Qe8 37. Rfd2 Qf7 38. Bb6 Rb7 39. Rb2 Kg7 40. Qd4 Rc8 41. Bxd5 c3 42. Rc2 Bxd5 43. Qxd5 Qxd5 44. Rxd5 Bxb4 45. Rd3 Rc4 46. Re3 Rxb6 47. axb6 Bc5 48. b7 Bxe3+ 49. Kf1 Ba7 50. Ke2 b4 51. Kd3 Rc7 52. e6 Rxb7 53. Re2 Bc5 54. Kc4 Be7 55. Re5 Rc7+ 56. Kb3 c2 57. Rb5 c1Q 58. Rb7 Qa3# 0-1